San Antonio Spurs All Stars: NBA - Statistics

General Stats
  • This quiz has been taken 22 times
  • The average score is 8 of 23
Answer Stats
Career Career With Spurs All Stars Player % Correct
1990-2003 1990-2003 10x David Robinson
100%
1998-2016 1998-2016 15x Tim Duncan
100%
2012- 2012-2018 6x Kawhi Leonard
95%
2003-2018 2003-2018 2x Manu Ginobili
89%
2002-2019 2002-2018 6x Tony Parker
89%
1973-1986 1974-1985 12x George Gervin
74%
2017- 2017-2022 1x Dejounte Murray
68%
2007-2022 2016-2021 7x LaMarcus Aldridge
63%
1972-1988 1983-1987 11x Artis Gilmore
37%
1985-1996 1985-1989 4x Alvin Robertson
32%
1990-2001 1990-2001 2x Sean Elliott
32%
1968-1976 1972-1973 3x Steve Jones
5%
1971-1985 1976-1980, 1983 4x Billy Paultz
0%
1968-1974 1968 2x Bob Verga
0%
1968-1975 1968-1970 2x Cincy Powell
0%
1957-1970 1968-1970 6x Cliff Hagan
0%
1968-1976 1971-1972, 1975 5x Donnie Freeman
0%
1969-1975 1969-1971 3x Glen Combs
0%
1973-1982 1973-1981 2x James Silas
0%
1968-1974 1968-1972 3x John Beasley
0%
1974-1983 1976-1980 5x Larry Kenon
0%
1970-1977 1970-1975 2x Rich Jones
0%
1974-1984 1974-1975 2x Swen Nater
0%
No matching quizzes found
Score Distribution
Percent of People with Each Score
Percentile by Number Answered
Your Score History
You have not taken this quiz